000 00545nam a2200181 i 4500
001 bg
100 1 _aKORBUT, Krzysztof
245 0 _aWybrane zagadnienia elektronicznych układów nieliniowych w zadaniach /
_cKrzysztof Korbut ; Politechnika Gdańska.
250 _aWyd. 3.
260 _aGdańsk,
_c1984
_aWydaw. PG.
650 9 _aUkłady elektroniczne
655 _aĆwiczenia i zadania dla szkół wyższych
040 _cBPK
041 _apol
080 _a621.38(075.8)(076)
942 _cKS
008 s pl f |000 0 pol
999 _c2438
_d2438
856 _uhttp://koha.tu.koszalin.pl/cgi-bin/koha/opac-detail.pl?biblionumber=2438
_yKatalog online BPK